Score 0/11 Timer 01:00
0 Plays Today
Mixed Word State % Correct
THOUS LACINORASOUTH CAROLINA
98%
THRON KODATANORTH DAKOTA
97.3%
WAIHIAHAWAII
97.2%
CNISSNIOWWISCONSIN
96.6%
GOREAIGGEORGIA
96.6%
RAKASSANARKANSAS
96.2%
DANINAIINDIANA
95.5%
SENENTEESTENNESSEE
94.2%
KEBSARANNEBRASKA
93.1%
GONEROOREGON
92.7%
State made by combining first letters of answers:WASHINGTON
85.7%

You're not logged in!

Compare scores with friends on all Sporcle quizzes.
OR
Log In

Sporcle TV

Today on Sporcle TV


Watch our educational content, quiz creation guides, and fun videos on Sporcle TV.

Show Comments

Extras

Top Quizzes Today


Score Distribution

Paid Content

Your Account Isn't Verified!

In order to create a playlist on Sporcle, you need to verify the email address you used during registration. Go to your Sporcle Settings to finish the process.

Report this User

Report this user for behavior that violates our Community Guidelines.

Details: